Spectral Properties of Graphs and their Applications

Salvato in:
Dettagli Bibliografici
Autore principale: Pavlíková, Soňa (Autore)
Altri autori: (Relatore della tesi)
Natura: Manoscritto Libro
Lingua:slovacco
inglese
Pubblicazione: 2018
Soggetti:
Accesso online:http://is.stuba.sk/zp/portal_zp.pl?podrobnosti_zp=67297
Tags: Aggiungi Tag
Nessun Tag, puoi essere il primo ad aggiungerne!!

MARC

LEADER 00000ntm a22000003a 4500
001 stuzp67297
003 SK-STU
005 20180816141251.0
007 ta
008 150427s2015----xo-----f-mn---000-0-slo-d
040 |a STU  |b slo 
041 0 |a eng 
100 1 |a Pavlíková, Soňa  |u 010220  |k Z1  |4 aut  |U SvF Stavebná fakulta  |T SvF Katedra matematiky a deskriptívnej geometrie  |X 277  |U V220  |Y 23  |7 A000000277 
242 0 1 |a Spektrálne vlastnosti grafov a ich aplikácie  |y slo 
245 1 0 |a Spectral Properties of Graphs and their Applications 
260 |c 2018 
650 4 |a spektrum  |2 slo 
650 4 |a inverz  |2 slo 
650 4 |a graf  |2 slo 
650 4 |a graph  |2 eng 
650 4 |a spectra  |2 eng 
650 4 |a inverse  |2 eng 
700 1 |a ,  |4 ths  |X null  |7 null 
856 4 |u http://is.stuba.sk/zp/portal_zp.pl?podrobnosti_zp=67297 
996 |b 284V037595  |c V* 3467/HP-229  |l VVS  |s P  |a 0  |w stuzp67297_0001